000 01284cam a2200361 a 4500
001 612171
003 GBCCL
005 20241126110350.0
008 920410s1991 ii b 001 0 eng
010 _a 91907738
020 _cRs90.00
025 _aI-E-65479
040 _aDLC
_cDLC
_dDLC
043 _aa-ii---
050 0 0 _aKNS543
_b.P56 1991
082 0 0 _a346.54016
_220
_bPIN
100 1 _aPinto, William E.
_91586
245 1 0 _aLaw of marriage and matrimonial reliefs for Christians in India :
_ba juridical evaluation of Canon Law and civil law /
_cWilliam E. Pinto.
260 _aBangalore :
_bTheological Publications in India,
_c1991.
300 _axxxviii, 381 p. ;
_c23 cm.
500 _aIncludes index.
504 _aIncludes bibliographical references (p. 201-211).
650 0 _aMarriage law
_zIndia.
_91587
650 0 _aMarriage
_xAnnulment
_zIndia.
_91588
650 0 _aDivorce
_xLaw and legislation
_zIndia.
_91589
650 0 _aChristians
_xLegal status, laws, etc.
_zIndia.
_91590
650 0 _aMarriage (Canon law)
_91591
650 0 _aMarriage
_xAnnulment (Canon law)
_91592
650 0 _aDivorce (Canon law)
_91593
906 _a7
_bcbc
_corignew
_d3
_encip
_f19
_gy-gencatlg
942 _2ddc
_cBK
_03
999 _c965
_d965